Dictionary of Physics/ (Record no. 207044)

MARC details
000 -LEADER
fixed length control field 00837nam a22002537a 4500
005 - DATE AND TIME OF LATEST TRANSACTION
control field 20241127113747.0
010 ## - LCCN (DPL NO)
LC control number ENG-142639
020 ## - INTERNATIONAL STANDARD BOOK NUMBER
Terms of availability 290.00
International Standard Book Number 9798187659678
020 ## - INTERNATIONAL STANDARD BOOK NUMBER
International Standard Book Number 818765967X
035 ## - SYSTEM CONTROL NUMBER
System control number EN-126171
037 ## - SOURCE OF ACQUISITION
Source of stock number/acquisition DBAD
082 ## - DEWEY DECIMAL CLASSIFICATION NUMBER
Classification number 530.3
Edition number 1
245 ## - TITLE STATEMENT
Title Dictionary of Physics/
Statement of responsibility, etc Edited by Kamal Chaudhry; Suman Shankar [and] Shubham Ghai
250 ## - EDITION STATEMENT
Edition statement 1
260 ## - PUBLICATION, DISTRIBUTION, ETC. (IMPRINT)
Place of publication, distribution, etc New Delhi
Name of publisher, distributor, etc Choice International
270 ## - ADDRESS
Address 484 D/S New Rajinder Nagar,
City New Delhi
Postal code 110060
Telephone number +91 9212013637
Electronic mail address galaxyindia999@gmail.com
300 ## - PHYSICAL DESCRIPTION
Extent 464p.
Dimensions 21cm(pb)
500 ## - GENERAL NOTE
General note The Dictionary That You Can Trust
650 ## - SUBJECT ADDED ENTRY--TOPICAL TERM
Topical term or geographic name as entry element Physics
700 ## - ADDED ENTRY--PERSONAL NAME
Personal name Chaudhry, Kamal
9 (RLIN) 74091
Relator term Editor
700 ## - ADDED ENTRY--PERSONAL NAME
Personal name Shankar, Suman
9 (RLIN) 74092
Relator term Editor
700 ## - ADDED ENTRY--PERSONAL NAME
Personal name Ghai, Shubham
9 (RLIN) 74093
Relator term Editor
942 ## - ADDED ENTRY ELEMENTS (KOHA)
Source of classification or shelving scheme Dewey Decimal Classification
Item type English Books
Classification part 530.3
Call number suffix DIC
Holdings
Withdrawn status Lost status Not for loan Collection code Home library Current library Date acquired Source of acquisition Cost, normal purchase price Full call number Barcode Copy number Cost, replacement price Koha item type
      Non-fiction Central Library Central Library 27/11/2024 Delivery of Books Act Division 290.00 530.3 DIC EN-126171 1 290.00 English Books

© Delhi Public Library
Hit Counter
free hit counter